[Event "Niedersachsen-ch Seniors"]
[Site "Lehrte"]
[Date "2019.07.21"]
[Round "2"]
[White "Rosemeyer, Andreas"]
[Black "Lick, Helmut"]
[Result "1-0"]
[WhiteElo "2032"]
[BlackElo "1456"]
[PlyCount "67"]
[EventDate "2019.07.20"]
[EventType "swiss"]
[EventRounds "7"]
[EventCountry "GER"]
[SourceTitle "EXT 2023"]
[Source "ChessBase"]
[SourceDate "2022.10.05"]
[SourceVersion "1"]
[SourceVersionDate "2022.10.05"]
[SourceQuality "1"]

1. Nf3 Nf6 2. e3 d5 3. b3 e6 4. Bb2 Be7 5. Be2 b6 6. 0-0 Bb7 7. Ne5 Nbd7 8. f4 c5 9. Bb5 a6 10. Bc6 Bxc6 11. Nxc6 Qc7 12. Nxe7 Kxe7 13. d3 Qc6 14. Nd2 g6 15. Qf3 Rhf8 16. Nc4 Rac8 17. Ne5 Nxe5 18. fxe5 Ng8 19. Rf2 b5 20. Raf1 Qe8 21. c4 Rd8 22. cxb5 axb5 23. d4 Rc8 24. dxc5 Rc6 25. e4 dxe4 26. Qxe4 f5 27. exf6+ Kf7 28. Rd2 Qc8 29. Rfd1 Rc7 30. c6 Nxf6 31. Bxf6 Kxf6 32. Qh4+ Kg7 33. Rd7+ Rxd7 34. Rxd7+ 1-0

[Event "Hannover Bezirks op"]
[Site "Hannover"]
[Date "2019.04.06"]
[Round "5.10"]
[White "Mumm, Karen"]
[Black "Lick, Helmut"]
[Result "1-0"]
[WhiteElo "1668"]
[BlackElo "1574"]
[PlyCount "72"]
[EventDate "2019.01.19"]
[EventType "swiss"]
[EventRounds "7"]
[EventCountry "GER"]
[SourceTitle "EXT 2023"]
[Source "ChessBase"]
[SourceDate "2022.10.05"]
[SourceVersion "1"]
[SourceVersionDate "2022.10.05"]
[SourceQuality "1"]

1. e4 d6 2. d4 Nc6 3. Nf3 Nf6 4. Nc3 e6 5. Bb5 a6 6. Bxc6+ bxc6 7. e5 Nd5 8. Nxd5 cxd5 9. c3 Be7 10. 0-0 0-0 11. Bf4 g5 12. exd6 cxd6 13. Be3 f5 14. h3 f4 15. Bd2 h5 16. Nh2 Qe8 17. Re1 Qf7 18. Qf3 Ra7 19. Re2 Qg6 20. Rae1 Rf5 21. b3 Bf8 22. c4 dxc4 23. bxc4 Bb7 24. Qb3 Qf7 25. Rxe6 Bc8 26. Re8 Rc7 27. Qb8 Qd7 28. R1e7 Qxe7 29. Rxe7 Rxe7 30. Qxc8 Rff7 31. a4 Ra7 32. Qe6 Kg7 33. d5 Rae7 34. Bc3+ Kh7 35. Qc8 Rb7 36. Nf3 Kg6 1-0

[Event "Hannover Bezirks op"]
[Site "Hannover"]
[Date "2019.01.19"]
[Round "1.8"]
[White "Lick, Helmut"]
[Black "Kiesewetter, Oliver"]
[Result "0-1"]
[WhiteElo "1574"]
[BlackElo "1782"]
[PlyCount "68"]
[EventDate "2019.01.19"]
[EventType "swiss"]
[EventRounds "7"]
[EventCountry "GER"]
[SourceTitle "EXT 2023"]
[Source "ChessBase"]
[SourceDate "2022.10.05"]
[SourceVersion "1"]
[SourceVersionDate "2022.10.05"]
[SourceQuality "1"]

1. Nf3 Nf6 2. c4 g6 3. b3 Bg7 4. Bb2 0-0 5. e3 c5 6. Be2 Nc6 7. 0-0 b6 8. d3 Bb7 9. Nbd2 Qc7 10. a3 Rad8 11. Qc2 d6 12. d4 cxd4 13. exd4 d5 14. Rfe1 Ne4 15. Rad1 e6 16. Bf1 Nxd2 17. Qxd2 dxc4 18. bxc4 Na5 19. Qd3 Bxf3 20. gxf3 Rc8 21. Rc1 Rfd8 22. Qe3 Qe7 23. Red1 Rd7 24. Bc3 Qh4 25. d5 Bxc3 26. Rxc3 exd5 27. Rd4 Qf6 28. cxd5 Rxc3 29. Qxc3 Qg5+ 30. Bg2 Rxd5 31. f4 Rc5 32. Qd2 Qf6 33. Rd8+ Kg7 34. Bd5 Qxd8 0-1

[Event "Niedersachsen-ch op B"]
[Site "Verden"]
[Date "2019.01.03"]
[Round "1"]
[White "Ewert, Stefan"]
[Black "Lick, Helmut"]
[Result "1-0"]
[WhiteElo "1798"]
[BlackElo "1479"]
[PlyCount "91"]
[EventDate "2019.01.03"]
[EventType "swiss"]
[EventRounds "7"]
[EventCountry "GER"]
[SourceTitle "EXT 2022"]
[Source "ChessBase"]
[SourceDate "2021.10.06"]
[SourceVersion "1"]
[SourceVersionDate "2021.10.06"]
[SourceQuality "1"]

1. d4 d5 2. Nf3 Nf6 3. g3 b6 4. Bg2 Bb7 5. 0-0 e6 6. Ne5 Be7 7. c4 Nbd7 8. Nxd7 Qxd7 9. Nc3 c6 10. cxd5 cxd5 11. Qb3 Bc6 12. a4 0-0 13. Bf4 Rfc8 14. Rfc1 Ne8 15. Bf3 Nc7 16. Rc2 Bd6 17. Bxd6 Qxd6 18. Rac1 Qd7 19. Qa3 a6 20. b3 Bb7 21. e3 g6 22. Be2 Ne8 23. Bd3 Qd6 24. Qxd6 Nxd6 25. Kf1 f5 26. h4 h5 27. Nb1 Rxc2 28. Rxc2 Rc8 29. Nd2 Rxc2 30. Bxc2 Bc6 31. Ke2 b5 32. axb5 Nxb5 33. Nb1 Kf7 34. Bd3 Nc7 35. Kd2 Ke7 36. Kc3 Kd6 37. Kb4 Bb7 38. Ka5 Kc6 39. Na3 Bc8 40. Nc2 Kb7 41. Nb4 Ka7 42. Nc6+ Kb7 43. Ne7 Bd7 44. Nxg6 Be8 45. Nf4 Bf7 46. Be2 1-0

[Event "Langenhagen-ch op"]
[Site "Langenhagen"]
[Date "2018.09.15"]
[Round "5"]
[White "Lick, Helmut"]
[Black "Herrmann, Andreas"]
[Result "0-1"]
[WhiteElo "1455"]
[BlackElo "2108"]
[PlyCount "74"]
[EventDate "2018.06.09"]
[EventType "swiss"]
[EventRounds "7"]
[EventCountry "GER"]
[SourceTitle "EXT 2023"]
[Source "ChessBase"]
[SourceDate "2022.10.05"]
[SourceVersion "1"]
[SourceVersionDate "2022.10.05"]
[SourceQuality "1"]

1. d4 Nf6 2. c4 e6 3. Nc3 Bb4 4. a3 Bxc3+ 5. bxc3 c5 6. Nf3 Ne4 7. Qc2 Qa5 8. Bd2 f5 9. e3 b6 10. Be2 Bb7 11. 0-0 0-0 12. Be1 d6 13. h3 Nd7 14. Nh2 Rac8 15. f3 Nef6 16. Bg3 d5 17. Be1 Rfe8 18. Qb3 Ba6 19. Ra2 dxc4 20. Bxc4 Bxc4 21. Qxc4 cxd4 22. Qxd4 e5 23. Qb4 Qc5 24. Qxc5 Nxc5 25. Bd2 Red8 26. Rf2 Rd3 27. Nf1 g6 28. g3 Na4 29. Kg2 b5 30. g4 Rc4 31. gxf5 gxf5 32. Ng3 f4 33. exf4 exf4 34. Ne2 Nd5 35. Rc2 Ne3+ 36. Bxe3 fxe3 37. Rf1 Nxc3 0-1

[Event "Lueneburg op-B"]
[Site "Lueneburg"]
[Date "2015.08.22"]
[Round "8"]
[White "Lick, Helmut"]
[Black "Schroeder, Guido"]
[Result "0-1"]
[WhiteElo "1722"]
[BlackElo "1768"]
[PlyCount "74"]
[EventDate "2015.08.15"]
[EventType "swiss"]
[EventRounds "9"]
[EventCountry "GER"]
[SourceTitle "EXT 2016"]
[Source "ChessBase"]
[SourceDate "2015.10.08"]
[SourceVersion "1"]
[SourceVersionDate "2015.10.08"]
[SourceQuality "1"]

1. e4 c5 2. Nf3 Nc6 3. d4 cxd4 4. Nxd4 Nf6 5. Nc3 d6 6. Be2 g6 7. Nxc6 bxc6 8. Be3 Bg7 9. f3 0-0 10. Bd3 Qa5 11. 0-0 Ba6 12. Ne2 Rfb8 13. b3 c5 14. Bd2 Qb6 15. Bxa6 c4+ 16. Kh1 Qxa6 17. Bc3 Rc8 18. b4 Qb7 19. Bxf6 Bxf6 20. c3 Rd8 21. Qd5 Qc7 22. Rac1 e6 23. Qd1 d5 24. Nd4 e5 25. Nb5 Qc6 26. Na3 Qa6 27. Nb1 Bg5 28. Rc2 dxe4 29. Qe2 e3 30. g3 Rd3 31. f4 Qb7+ 32. Kg1 exf4 33. gxf4 Bh4 34. a4 Rad8 35. Qf3 Bf2+ 36. Rfxf2 exf2+ 37. Qxf2 Rd1+ 0-1

[Event "Lueneburg op-B"]
[Site "Lueneburg"]
[Date "2015.08.18"]
[Round "4"]
[White "Moenster, Madita"]
[Black "Lick, Helmut"]
[Result "1/2-1/2"]
[WhiteElo "1585"]
[BlackElo "1722"]
[PlyCount "28"]
[EventDate "2015.08.15"]
[EventType "swiss"]
[EventRounds "9"]
[EventCountry "GER"]
[SourceTitle "EXT 2016"]
[Source "ChessBase"]
[SourceDate "2015.10.08"]
[SourceVersion "1"]
[SourceVersionDate "2015.10.08"]
[SourceQuality "1"]

1. e4 c6 2. d4 d5 3. exd5 cxd5 4. Bd3 Nf6 5. c3 e6 6. Bf4 Bd6 7. Bxd6 Qxd6 8. Nf3 Nc6 9. Nbd2 Bd7 10. 0-0 0-0 11. Qe2 Ne7 12. Ne5 Ng6 13. f4 Bc8 14. Rae1 Nd7 1/2-1/2

[Event "Langenhagen-ch op"]
[Site "Langenhagen"]
[Date "2015.07.18"]
[Round "4"]
[White "Lick, Helmut"]
[Black "Zweigait, Bjoern"]
[Result "0-1"]
[WhiteElo "1428"]
[BlackElo "1586"]
[PlyCount "62"]
[EventDate "2015.05.23"]
[EventType "swiss"]
[EventRounds "7"]
[EventCountry "GER"]
[SourceTitle "EXT 2021"]
[Source "ChessBase"]
[SourceDate "2020.10.23"]
[SourceVersion "1"]
[SourceVersionDate "2020.10.23"]
[SourceQuality "1"]

1. e4 c5 2. Nf3 Nc6 3. d4 cxd4 4. Nxd4 g6 5. Nc3 Bg7 6. Nxc6 bxc6 7. Bd3 Qb6 8. 0-0 Nh6 9. Bd2 Qxb2 10. Rb1 Qa3 11. Rb3 Qd6 12. Qe2 0-0 13. e5 Qe6 14. Bxh6 Bxh6 15. f4 Bg7 16. Ne4 Qd5 17. Bc4 Qd4+ 18. Kh1 d5 19. exd6 Bf5 20. dxe7 Rfe8 21. Ng5 Rxe7 22. Qxe7 Qxc4 23. Rfb1 Bf8 24. Qxf7+ Qxf7 25. Nxf7 Kxf7 26. Rc1 Rd8 27. Rb7+ Kf6 28. Rxa7 Bxc2 29. Rxh7 Rd2 30. Rc7 Be4 31. Rg1 Bc5 0-1

[Event "Daehne Cup Region 14/15 VII Rest"]
[Site "Hannover"]
[Date "2015.07.16"]
[Round "3"]
[White "Lick, Helmut"]
[Black "Greiner, Andre"]
[Result "1-0"]
[WhiteElo "1497"]
[BlackElo "887"]
[PlyCount "20"]
[EventDate "2015.07.??"]
[EventType "swiss"]
[EventCountry "GER"]
[SourceTitle "EXT 2022"]
[Source "ChessBase"]
[SourceDate "2021.10.06"]
[SourceVersion "1"]
[SourceVersionDate "2021.10.06"]
[SourceQuality "1"]

1. d4 d5 2. c4 Nf6 3. Nc3 e6 4. Nf3 Bb4 5. Bg5 dxc4 6. e3 b5 7. Be2 0-0 8. 0-0 Bb7 9. Nxb5 a6 10. Nc3 Qd5 1-0

[Event "Daehne Cup Region 14/15 III Rest"]
[Site "Isernhagen"]
[Date "2015.06.21"]
[Round "4"]
[White "Zweigait, Bjoern"]
[Black "Lick, Helmut"]
[Result "1-0"]
[WhiteElo "1595"]
[BlackElo "1413"]
[PlyCount "95"]
[EventDate "2015.06.??"]
[EventType "swiss"]
[EventCountry "GER"]
[SourceTitle "EXT 2022"]
[Source "ChessBase"]
[SourceDate "2021.10.06"]
[SourceVersion "1"]
[SourceVersionDate "2021.10.06"]
[SourceQuality "1"]

1. d4 d5 2. c4 e6 3. Nc3 Nf6 4. Bf4 c6 5. c5 Be7 6. e3 Nbd7 7. Nf3 Nf8 8. Bd3 Ng6 9. Bxg6 hxg6 10. h3 Nh7 11. b4 g5 12. Bh2 Nf8 13. Qd3 Ng6 14. Ne5 Nxe5 15. Bxe5 Bf6 16. Bd6 Be7 17. Bg3 f5 18. Kd2 Kf7 19. a4 a5 20. b5 Bd7 21. b6 g6 22. Ne2 Bf6 23. f4 Qe8 24. Rae1 gxf4 25. exf4 Bh4 26. Bxh4 Rxh4 27. g3 Rh7 28. g4 Qh8 29. Qf3 Qf6 30. Kc3 Rah8 31. g5 Qd8 32. Nc1 Qa8 33. Qd3 Rh4 34. Ref1 Qa6 35. Qxa6 bxa6 36. Rf3 Rg4 37. Kd3 Bc8 38. Ke3 Rgh4 39. Rg3 Ke7 40. Nb3 Bb7 41. Nxa5 Rb8 42. Rg2 Kd7 43. Kf3 Rh7 44. Re2 Re7 45. h4 Kd8 46. h5 gxh5 47. Rxh5 Kd7 48. Reh2 1-0

[Event "Daehne Cup Region 14/15 III"]
[Site "Isernhagen"]
[Date "2015.06.20"]
[Round "2"]
[White "Lick, Helmut"]
[Black "Frese, Immo"]
[Result "1-0"]
[WhiteElo "1413"]
[BlackElo "1637"]
[PlyCount "87"]
[EventDate "2015.06.20"]
[EventType "k.o."]
[EventRounds "5"]
[EventCountry "GER"]
[SourceTitle "EXT 2022"]
[Source "ChessBase"]
[SourceDate "2021.10.06"]
[SourceVersion "1"]
[SourceVersionDate "2021.10.06"]
[SourceQuality "1"]

1. e4 d5 2. exd5 Nf6 3. Nf3 Nxd5 4. Be2 b6 5. d4 Bb7 6. c4 Nf6 7. Nc3 e6 8. Bg5 Be7 9. h3 0-0 10. 0-0 Nbd7 11. Qc2 h6 12. Be3 Rc8 13. Ne5 c5 14. Nxd7 Nxd7 15. d5 exd5 16. cxd5 Nf6 17. Bf3 a6 18. d6 Bxf3 19. dxe7 Qxe7 20. gxf3 Qe6 21. Kh2 Qe5+ 22. f4 Qc7 23. Qf5 Ne8 24. Qe5 Qc6 25. Nd5 Rc7 26. Nxc7 Nxc7 27. Rad1 Ne6 28. Qd5 Qa4 29. a3 Nxf4 30. Bxf4 Qxf4+ 31. Kg1 Qf6 32. Qd2 Qf5 33. Kh2 Qf3 34. Rg1 Qf6 35. f4 Re8 36. Rge1 Rf8 37. Re5 g5 38. Rg1 Rd8 39. Qe3 Kf8 40. fxg5 Rd2+ 41. Rg2 Rxg2+ 42. Kxg2 hxg5 43. Re8+ Kg7 44. Qe5 1-0

[Event "Daehne Cup Region 14/15 VI"]
[Site "Hannover"]
[Date "2015.06.17"]
[Round "2"]
[White "Kiesewetter, Oliver"]
[Black "Lick, Helmut"]
[Result "1-0"]
[WhiteElo "1853"]
[BlackElo "1495"]
[PlyCount "123"]
[EventDate "2015.06.03"]
[EventType "k.o."]
[EventRounds "4"]
[EventCountry "GER"]
[SourceTitle "EXT 2022"]
[Source "ChessBase"]
[SourceDate "2021.10.06"]
[SourceVersion "1"]
[SourceVersionDate "2021.10.06"]
[SourceQuality "1"]

1. e4 c6 2. d4 d5 3. Nc3 dxe4 4. Nxe4 Nf6 5. Nxf6+ gxf6 6. Nf3 Bf5 7. g3 Bg7 8. Bg2 e6 9. c4 Na6 10. 0-0 Nc7 11. Qb3 Qc8 12. Nh4 Bg6 13. Qa3 Bf8 14. Qe3 Bg7 15. d5 cxd5 16. cxd5 0-0 17. dxe6 Nxe6 18. Nxg6 hxg6 19. Bd2 Re8 20. Rac1 Qd7 21. Bc3 Nd8 22. Qf4 g5 23. Qf3 Qc6 24. Qd3 Qb6 25. Qf5 Qe6 26. Qb5 a6 27. Qa4 Nc6 28. Rfe1 Qd7 29. Red1 Qc7 30. Qg4 Rad8 31. Qf5 Rxd1+ 32. Rxd1 Ne5 33. Be4 Ng6 34. Rd7 Qb6 35. Rxb7 Qe6 36. Qxe6 Rxe6 37. Bd5 Re7 38. Rb8+ Kh7 39. Ra8 Rd7 40. Bb3 Rd6 41. Bxf7 Ne5 42. Bb3 Kg6 43. Bc2+ f5 44. Rg8 Nf3+ 45. Kg2 Nd4 46. Bxd4 Rxd4 47. Bxf5+ Kf7 48. Be6+ Kf6 49. b3 Re4 50. Bc4 a5 51. Ra8 Re5 52. Ra6+ Ke7 53. a4 Bf6 54. Rb6 g4 55. h3 gxh3+ 56. Kxh3 Rh5+ 57. Kg4 Rh2 58. f4 Bc3 59. Kg5 Rg2 60. g4 Bd2 61. Re6+ Kd7 62. Re2 1-0

[Event "Leipzig VfB op 22nd"]
[Site "Leipzig"]
[Date "2015.03.08"]
[Round "9"]
[White "Lick, Helmut"]
[Black "Krongraf, Henryk"]
[Result "1/2-1/2"]
[WhiteElo "1361"]
[BlackElo "1790"]
[PlyCount "96"]
[EventDate "2015.03.03"]
[EventType "swiss"]
[EventRounds "9"]
[EventCountry "GER"]
[SourceTitle "EXT 2016"]
[Source "ChessBase"]
[SourceDate "2015.10.08"]
[SourceVersion "1"]
[SourceVersionDate "2015.10.08"]
[SourceQuality "1"]

1. e4 d6 2. d4 Nf6 3. Nc3 g6 4. Nf3 Bg7 5. h3 0-0 6. Be2 c5 7. d5 Qa5 8. Bd2 a6 9. 0-0 b5 10. Nxb5 Qb6 11. Nc3 e6 12. Rb1 exd5 13. exd5 Bb7 14. Bc4 Nbd7 15. Bf4 Rfe8 16. Re1 Rxe1+ 17. Qxe1 Qb4 18. Qe2 Re8 19. Qd3 Nh5 20. Bd2 Nb6 21. b3 Nf4 22. Bxf4 Qxc3 23. Qxc3 Bxc3 24. Bxd6 Bb4 25. Kf1 Bxd5 26. Bxa6 Ra8 27. Bd3 Rxa2 28. Ne5 Bc3 29. Nc4 Nd7 30. f3 Ra6 31. Bf4 Re6 32. Rd1 Nf6 33. Bd2 Bd4 34. c3 Be5 35. Nxe5 Rxe5 36. Bc2 c4 37. b4 Bc6 38. Bf4 Re6 39. Kf2 Nd5 40. Bh6 Nxc3 41. Rd8+ Re8 42. Rxe8+ Bxe8 43. Bf4 Nd5 44. Bd6 f5 45. g3 Kf7 46. f4 Bc6 47. Ke2 Ke6 48. Bf8 Kf7 1/2-1/2

[Event "Leipzig VfB op 22nd"]
[Site "Leipzig"]
[Date "2015.03.07"]
[Round "7"]
[White "Lick, Helmut"]
[Black "Brylski, Nils"]
[Result "1-0"]
[WhiteElo "1361"]
[BlackElo "1734"]
[PlyCount "59"]
[EventDate "2015.03.03"]
[EventType "swiss"]
[EventRounds "9"]
[EventCountry "GER"]
[SourceTitle "EXT 2016"]
[Source "ChessBase"]
[SourceDate "2015.10.08"]
[SourceVersion "1"]
[SourceVersionDate "2015.10.08"]
[SourceQuality "1"]

1. e4 e5 2. Nf3 Nc6 3. Bc4 Bc5 4. c3 Nf6 5. d3 0-0 6. 0-0 h6 7. b4 Be7 8. Re1 d6 9. h3 a6 10. Nbd2 b5 11. Bb3 Bb7 12. Nf1 Qd7 13. N3h2 a5 14. bxa5 Nxa5 15. Bc2 c5 16. Ng3 c4 17. d4 exd4 18. Qxd4 Nc6 19. Qd1 Ne5 20. f4 Ng6 21. Nf5 Rfd8 22. Ng4 Nxg4 23. Qxg4 Bf6 24. e5 dxe5 25. fxe5 Bg5 26. e6 fxe6 27. Bxg5 hxg5 28. Rxe6 Qd2 29. Rxg6 Qxc2 30. Rxg7+ 1-0

[Event "Hannover-chA"]
[Site "Lehrte"]
[Date "2014.10.27"]
[Round "6"]
[White "Lick, Helmut"]
[Black "Mumm, Karen"]
[Result "1-0"]
[WhiteElo "1366"]
[BlackElo "1336"]
[PlyCount "107"]
[EventDate "2014.10.25"]
[EventType "swiss"]
[EventRounds "7"]
[EventCountry "GER"]
[SourceTitle "EXT 2021"]
[Source "ChessBase"]
[SourceDate "2020.10.23"]
[SourceVersion "1"]
[SourceVersionDate "2020.10.23"]
[SourceQuality "1"]

1. d4 Nf6 2. c4 g6 3. Nc3 Bg7 4. e4 d6 5. h3 0-0 6. Nf3 e5 7. d5 c6 8. Bd3 Na6 9. Be3 cxd5 10. cxd5 Nc5 11. Bxc5 dxc5 12. Qe2 Nh5 13. g3 f5 14. 0-0-0 a6 15. exf5 Bxf5 16. Be4 Qd6 17. Qd3 b5 18. Bxf5 Rxf5 19. Ne4 Qf8 20. Nh4 c4 21. Qc2 Rf7 22. Kb1 Nf6 23. Ng5 Rd7 24. Ne6 Qe8 25. Nxg7 Kxg7 26. d6 Rad8 27. Qc1 Rxd6 28. Rxd6 Rxd6 29. Qg5 Kh8 30. Re1 Qd8 31. Kc1 Rd4 32. Qh6 Qg8 33. Nf5 Qf7 34. Ne3 Rd8 35. Qg5 Qe7 36. Ng4 Nd5 37. Qxe7 Nxe7 38. Nxe5 Kg7 39. Nxc4 bxc4 40. Rxe7+ Kg8 41. Re3 Kf7 42. Kc2 Kf6 43. Kc3 Rd3+ 44. Rxd3 cxd3 45. Kxd3 Ke5 46. Ke3 h5 47. g4 g5 48. gxh5 Kf5 49. h6 Kg6 50. h7 Kxh7 51. f4 Kg6 52. fxg5 Kxg5 53. b4 Kh4 54. a4 1-0

[Event "Langenhagen-ch op 17th"]
[Site "Langenhagen"]
[Date "2014.07.26"]
[Round "4"]
[White "Lick, Helmut"]
[Black "Moseler, Thomas"]
[Result "1/2-1/2"]
[WhiteElo "1335"]
[BlackElo "1426"]
[PlyCount "86"]
[EventDate "2014.06.14"]
[EventType "swiss"]
[EventRounds "7"]
[EventCountry "GER"]
[SourceTitle "EXT 2021"]
[Source "ChessBase"]
[SourceDate "2020.10.23"]
[SourceVersion "1"]
[SourceVersionDate "2020.10.23"]
[SourceQuality "1"]

1. d4 Nf6 2. c4 g6 3. Nf3 Bg7 4. Nc3 d6 5. Bg5 0-0 6. e3 Nbd7 7. Be2 e5 8. dxe5 dxe5 9. 0-0 c6 10. Qc2 Qc7 11. Nd2 Ne8 12. Be7 f5 13. Bxf8 Nxf8 14. e4 f4 15. Nf3 Qe7 16. Rfd1 g5 17. h3 h5 18. Nh2 Nf6 19. Qd2 Be6 20. Qd6 Qxd6 21. Rxd6 g4 22. hxg4 hxg4 23. Rad1 g3 24. fxg3 fxg3 25. Nf1 Re8 26. Nxg3 Bf7 27. Nf5 Ne6 28. Nxg7 Kxg7 29. b3 Bg6 30. Bf3 Nd4 31. Kf2 a6 32. Rd2 Kf7 33. Ke3 Ke7 34. R6xd4 exd4+ 35. Kxd4 Ke6 36. a4 Rd8+ 37. Ke3 Re8 38. Ne2 Ke5 39. Ng3 Rh8 40. b4 Rh4 41. Rd4 Ng4+ 42. Kd3 Nf2+ 43. Ke3 Ng4+ 1/2-1/2

[Event "Daehne Cup Region Hannover VII"]
[Site "Hannover"]
[Date "2014.06.26"]
[Round "1"]
[White "Winkler, Georg"]
[Black "Lick, Helmut"]
[Result "1-0"]
[WhiteElo "1693"]
[BlackElo "1411"]
[PlyCount "95"]
[EventDate "2014.06.26"]
[EventType "k.o."]
[EventCountry "GER"]
[SourceTitle "EXT 2022"]
[Source "ChessBase"]
[SourceDate "2021.10.06"]
[SourceVersion "1"]
[SourceVersionDate "2021.10.06"]
[SourceQuality "1"]

1. e4 e6 2. c3 d5 3. e5 c5 4. d4 Nd7 5. Bb5 a6 6. Ba4 b5 7. Bc2 Ne7 8. Nf3 g6 9. Bg5 Bg7 10. Qc1 h6 11. Bd2 c4 12. a4 Bb7 13. axb5 axb5 14. Rxa8 Bxa8 15. b3 Bc6 16. 0-0 g5 17. h4 gxh4 18. Nxh4 Nf8 19. f4 Nfg6 20. Nxg6 fxg6 21. bxc4 dxc4 22. Na3 Nf5 23. Qb1 Qd5 24. Rf2 0-0 25. Bd1 Nh4 26. Nc2 Nf5 27. Nb4 Qd7 28. Nxc6 Qxc6 29. Bf3 Qd7 30. Qe4 Nh4 31. Bg4 Nf5 32. Bf3 Ne7 33. g3 h5 34. Rh2 Nf5 35. Kf2 Ne7 36. Rh1 Nf5 37. Ra1 Qe7 38. Ra6 Qd7 39. Bc1 Rc8 40. Ba3 Bf8 41. Bc1 Ne7 42. g4 hxg4 43. Bxg4 Nf5 44. Qg2 Kf7 45. Bxf5 gxf5 46. Qg5 Bg7 47. Qh5+ Ke7 48. Ba3+ 1-0

[Event "Hannover Region-ch"]
[Site "Hannover"]
[Date "2014.03.22"]
[Round "4"]
[White "Lick, Helmut"]
[Black "Moseler, Thomas"]
[Result "0-1"]
[WhiteElo "1411"]
[BlackElo "1714"]
[PlyCount "24"]
[EventDate "2014.02.01"]
[EventType "swiss"]
[EventRounds "7"]
[EventCountry "GER"]
[SourceTitle "EXT 2021"]
[Source "ChessBase"]
[SourceDate "2020.10.23"]
[SourceVersion "1"]
[SourceVersionDate "2020.10.23"]
[SourceQuality "1"]

1. d4 Nf6 2. Nf3 g6 3. g3 Bg7 4. c4 d6 5. Bg2 0-0 6. Nc3 Nbd7 7. e4 e5 8. 0-0 Kh8 9. Be3 Ng4 10. Qe2 Nxe3 11. Qxe3 exd4 12. Nxd4 Ne5 0-1